| 000 | 00336nam a2200133Ia 4500 | ||
|---|---|---|---|
| 999 |
_c590 _d590 |
||
| 020 | _a0-905118-80-4 | ||
| 082 | _aRR 320.03 ROB-; | ||
| 100 | _aRobertson, David | ||
| 245 | 0 | _aDictionary of modern politics | |
| 260 |
_aLondon _bEuropa Publications _c1985 |
||
| 300 | _aix, 341p. | ||
| 650 | _aPolitical science - Dictionaries | ||
| 942 | _cBK | ||